| 000 | 00755nam a2200229Ia 4500 | ||
|---|---|---|---|
| 008 | 180523s9999 xx 000 0 und d | ||
| 020 | _a978-0-7641-1368-0 | ||
| 050 | _aMAIN PE 1413 | ||
| 050 | _b.H67 2000 | ||
| 100 | _aHopper, Vincent F. | ||
| 245 | 0 | _aEssentials of writing / | |
| 245 | 0 | _cVincent F. Hopper and Cedric Gale; fifth editon revised by Benjamin W. Griffith. | |
| 250 | _a5th Edition | ||
| 260 | _aNew York : | ||
| 260 | _bBarron's Edu. Series, Inc., | ||
| 260 | _c2000 | ||
| 300 | _a243 pages : | ||
| 300 | _c28 cm. | ||
| 650 | _aEnglish language -- Rhetoric -- Problems, exercises, etc. | ||
| 650 | _aReport writing -- Problems, exercises, etc. | ||
| 650 | _xEnglish language -- Grammar -- Study and teaching (Secondary). | ||
| 999 |
_c357383 _d357383 |
||